00353pam a2200145a 44500008004100000020002400041082001500065100001500080245002800095250001200123260003300135502000900168906001100177999001900188230405s2003 xxu||||| |||| 00| 0 eng d a8173810419cRs. 750 a618.1bDUT aDutta,D.C. aTextbook of Gynaecology a4th Ed  aCalcuttabNew Central c2003 atext a000723 c249492d249492